000 02160nam0a2200397 4500
001 RU\NLR\BIBL_A\012076809
005 20190905164159.0
010 _a978-5-7422-6480-4
_9150
021 _aRU
_bКН-П-19-051461
_9КН-П-19-3723
035 _a(NLR Aleph) 012076809
035 _a(RuMoRGB)010039976
090 _a11783438
_c11783438
100 _a20190816d2019 u y0rusy50 ca
101 0 _arus
102 _aRU
105 _a |||z|||110 y
200 1 _aПульс поколения Политеха
_eсборник творческих работ [авторов-лауреатов открытого конкурса "Наследие Политеха - гордость России"
_f[под общей редакцией Т.А. Нам, Х.В. Ильиной]
210 _aСанкт-Петербург
_cПолитех-Пресс
_d2019
215 _a170, [2] с.
_cил.
_d20
300 _aПосвящается 120-летию Политеха
601 0 2 _aСанкт-Петербургский политехнический университет Петра Великого
_xПрофессора и преподаватели
_xТворческие работы
_2nlr_sh2
_3RU\NLR\AUTH\6601660889
601 0 2 _aСанкт-Петербургский политехнический университет Петра Великого
_xТворческие работы студентов
_2nlr_sh2
_3RU\NLR\AUTH\6601660891
686 1 _aЧ488.713.853.5
686 1 _aЧ488.714.2
686 2 _aШ6(2=Р)8-999
686 2 _aШ6(2=Р)8-97
702 1 _aНам
_bТ. А.
_gТатьяна Анатольевна
_4340
711 0 2 _aСанкт-Петербургский политехнический университет Петра Великого
_3RU\NLR\AUTH\880402830
711 1 2 _a"Наследие Политеха - гордость России", открытый конкурс
_f2018
_eСанкт-Петербург
_3RU\NLR\AUTH\880507484
942 _cBOOK
980 _aNBR
980 _aNB